Municipios de Granada - Estadísticas

Estadísticas generales
  • Esta prueba ha sido intentada 147 veces
  • La puntuación promedio es 65 de 174
Estadísticas de respuestas
Municipio % Correcto
Motril
84%
Almuñécar
80%
Guadix
80%
Salobreña
80%
Armilla
79%
Albolote
78%
Loja
76%
Baza
74%
Huétor Tájar
74%
Granada
73%
Huétor Vega
71%
Atarfe
70%
Peligros
68%
Lanjarón
67%
Pinos Puente
66%
Santa Fe
64%
Padul
63%
Dúrcal
62%
La Zubia
62%
Huétor Santillán
61%
Monachil
61%
Alfacar
60%
Pampaneira
59%
Pulianas
59%
Ogíjares
58%
Soportújar
58%
Alhendín
57%
Chauchina
56%
Jun
56%
La Malahá
55%
Las Gabias
54%
Órgiva
53%
Alhama de Granada
52%
Fuente Vaqueros
52%
Cenes de la Vega
51%
Iznalloz
51%
Churriana de la Vega
50%
Cúllar
50%
Dílar
50%
Íllora
50%
Capileira
47%
Trevélez
47%
Chimeneas
46%
Huéscar
46%
Montefrío
46%
Albuñol
45%
Benalúa
44%
Cájar
43%
Deifontes
43%
Gor
43%
Pinos Genil
43%
Salar
43%
Gójar
42%
Purullena
42%
Víznar
41%
Güevéjar
40%
El Pinar
39%
Güéjar Sierra
39%
Moraleda de Zafayona
39%
Vélez de Benaudalla
39%
Castril
38%
Cijuela
38%
La Peza
38%
Zújar
38%
Beas de Guadix
37%
Campotéjar
37%
Colomera
37%
Darro
37%
Dólar
37%
El Valle
37%
Láchar
37%
Lecrín
37%
Nigüelas
37%
Píñar
37%
Polopos
37%
Quéntar
37%
Cúllar Vega
36%
Moclín
36%
Otívar
36%
Bubión
35%
Calicasas
34%
Caniles
34%
Montillana
34%
Albuñuelas
33%
Bérchules
33%
Cacín
33%
Diezma
33%
Dúdar
33%
Nívar
33%
La Calahorra
32%
Pedro Martínez
32%
Agrón
31%
Cogollos Vega
31%
Jete
31%
Nevada
31%
Vegas del Genil
31%
Zafarraya
31%
Albondón
30%
Aldeire
30%
Arenas del Rey
30%
Benamaurel
30%
Cádiar
30%
Gorafe
30%
Orce
30%
Alquife
29%
Cogollos de Guadix
29%
Dehesas Viejas
29%
Fonelas
29%
Galera
29%
Alicún de Ortega
28%
Escúzar
28%
Jérez del Marquesado
28%
Valderrubio
28%
Ventas de Huelma
28%
Albuñán
27%
Cuevas del Campo
27%
Dehesas de Guadix
27%
Ferreira
27%
Freila
27%
Guadahortuna
27%
Huéneja
27%
Jayena
27%
Lanteira
27%
Molvízar
27%
Villa de Otura
27%
Alamedilla
26%
Castilléjar
26%
Cortes de Baza
26%
Gobernador
26%
Válor
26%
Benalúa de las Villas
25%
Lugros
25%
Montejícar
25%
Santa Cruz del Comercio
25%
Cáñar
24%
Puebla de Don Fadrique
24%
Algarinejo
23%
Alpujarra de la Sierra
23%
Gualchos
23%
Ítrabo
23%
Los Guájares
23%
Polícar
23%
Rubite
23%
Ugíjar
23%
Villanueva de las Torres
23%
Villanueva Mesía
23%
Almegíjar
22%
Cástaras
22%
Huélago
22%
Lentegí
22%
Marchal
22%
Torre-Cardela
22%
Torrenueva Costa
22%
Torvizcón
22%
Busquístar
21%
Játar
21%
Juviles
21%
Murtas
21%
Zagra
21%
La Taha
20%
Lújar
20%
Pórtugos
20%
Valle del Zalabí
20%
Carataunas
19%
Cortes y Graena
19%
Morelábor
19%
Turón
19%
Lobras
18%
Fornes
17%
Domingo Pérez de Granada
16%
Villamena
16%
Macarena
14%
Beas de Granadas
10%
Sorliván
10%
No se encontraron pruebas coincidentes
Distribución de puntuación
Porcentaje de gente con cada puntuación
Porcentaje por número respondido
Historial de tus puntuaciones
No has intentado esta prueba.